| 000 | 00378nam a22001457a 4500 | ||
|---|---|---|---|
| 008 | 250524b |||||||| |||| 00| 0 eng d | ||
| 020 | _a9789350141441 | ||
| 050 |
_aTK5101 _b.P75 |
||
| 100 | _aSharma, Deeksha | ||
| 245 | _aPrinciples of communication | ||
| 260 |
_aNew delhi _bS.K Kataria & sons _c2011 |
||
| 300 | _a470p. | ||
| 650 | _aTelecommunication systems | ||
| 942 | _cBK | ||
| 999 |
_c3665 _d3665 |
||